[Event "Geneve FIDE GP (Women)"]
[Site "Geneve"]
[Date "2013.05.10"]
[Round "7"]
[White "Muzychuk, Anna"]
[Black "Kosintseva, Tatiana"]
[Result "1-0"]
[WhiteElo "2585"]
[BlackElo "2517"]
[Annotator "Mikhalchishin,A"]
[PlyCount "109"]
[EventDate "2013.05.03"]
[EventType "tourn"]
[EventRounds "11"]
[EventCountry "SUI"]
[EventCategory "11"]
[SourceTitle "CBM 155"]
[Source "ChessBase"]
[SourceDate "2013.07.16"]
[SourceVersion "1"]
[SourceVersionDate "2013.07.16"]
[SourceQuality "1"]
[WhiteClock "0:02:06"]
[BlackClock "0:01:10"]

1. e4 e5 2. Nf3 Nc6 3. Bb5 a6 4. Bxc6 {A very interesting choice of Muzychuk,
as Kosintseva is a great specialist in the main lines and Muzychuk herself is
the best technician among the women. So, her idea to play the Fischer
variation is a fantastic technical and psychological choice!} dxc6 5. O-O Bd6 {
This line has become popular recently, but in my opinion it is much more
passive than other lines.} 6. d4 exd4 7. Qxd4 f6 8. Be3 Ne7 9. Nbd2 Be6 10. Qc3
$1 {This is considered to be the best.} ({White can try to increase the
pressure in the center with} 10. Rad1 Ng6 11. Nc4 Bxc4 12. Qxc4 Qe7 13. Rfe1
O-O-O 14. c3 $146 Rhe8 15. Bc1 Bc5 16. Rxd8+ Rxd8 17. g3 Bb6 18. Kg2 $14 {
Laznicka,V (2596)-Fressinet,L (2640)/Deutschland 2006}) 10... Qd7 ({There are
few other options here:} 10... O-O 11. Nc4 Bxc4 12. Qxc4+ Kh8 13. Rad1 Qe8 14.
Bc5 $14 {Rozentalis,E (2650)-Wedberg,T (2480)/New York 1997}) (10... Ng6 11.
Nd4 (11. Nc4 Bxc4 12. Qxc4 Qe7 13. Rae1 O-O-O 14. Bc1 Rhe8 15. c3 c5 16. Kh1
Kb8 17. a4 Qd7 18. Re2 Qc6 19. Rfe1 Re7 20. b3 Bf4 21. Ba3 Bd6 22. Re3 Rde8 {
Madl,I (2397)-Kosintseva,N (2565)/Khanty-Mansiysk 2010; and Anna's opponent
obtained a beautiful position here.}) 11... Qe7 (11... Qd7 12. f4 Bf7 13. Nf5
O-O 14. Rad1 Rfe8 15. Nb3 (15. Nc4 $142 Bxc4 16. Qxc4+ Qf7 17. Qxf7+ Kxf7 18.
Rxd6 cxd6 19. Nxd6+ Kg8 20. Nxe8 Rxe8 21. Kf2 Rxe4 22. Rd1 $16) 15... Rad8 16.
Ng3 Qg4 17. Rxd6 cxd6 18. f5 Ne5 19. Rf4 Qd1+ 20. Rf1 Qg4 21. Rf4 Qd1+ {
1/2 Hammer,J (2609)-Hebden,M (2539)/Oslo NOR 2011}) 12. Nxe6 Qxe6 13. Qb3 Qxb3
14. axb3 O-O-O 15. Rfd1 Rd7 16. Nc4 Re8 17. f3 Ne5 18. Kf2 {Chadaev,N (2577)
-Tomashevsky,E (2707)/Taganrog RUS 2011; still, Black did not equalise.}) 11.
Nd4 O-O-O 12. Nxe6 Qxe6 13. Qb3 $1 {A very good move to exchange queens, as
White's pawn majority on the king's flank will be very dangerous in the future.
} Qxb3 ({A very interesting option is to avoid exchanges:} 13... Qe5 14. f4 Qh5
15. Nc4 Kb8 16. Nxd6 Rxd6 17. Rae1 Re8 18. e5 fxe5 19. fxe5 Rd5 20. Bf4 Nf5 21.
c3 g5 22. Bc1 Qg6 {Mladenov,P (2363)-Colin,V (2425)/Saint Affrique 2010. Black
started to overtake the initiative.}) 14. axb3 Rhe8 $6 ({It seems that the
best way to attack is} 14... f5 15. Rad1 (15. Rfd1 Rd7 16. Nc4 fxe4 17. Rd4 Nf5
18. Rxe4 Nxe3 19. Rxe3 Bc5 20. Re2 Bd4 {1/2 Shyam,N (2385)-Sriram,J (2507)/
Bhubaneswar 2010}) 15... b5 (15... Rhe8 $142) 16. exf5 $2 {1/2 Radjabov,T 
(2717)-Aronian,L (2756)/Sochi 2006} (16. g3 Rhe8 17. Rfe1 fxe4 18. Nxe4 Nf5 19.
Bg5 $14)) 15. Rfd1 {White has to keep the rook on a1 so as to be ready to play
Ra5 at some moment.} Ng6 16. f3 f5 {I know from a lot of my own practice in
different Spanish variations, that these kinds of position are very difficult
to hold. White has a comfortable pawn majority on the king's flank and will
realise it sooner or later.} 17. g3 $1 ({Another try was possible too:} 17.
exf5 Rxe3 18. fxg6 hxg6 19. Kf2 Bc5 20. Kf1 Re5 21. Ne4) 17... Be5 18. c3 f4 $6
{Black tries to block White's pawn structure, but it is simply not possible.} (
{A slightly more active try was} 18... Rd3 19. exf5 Nh4 20. Nc4 Rxd1+ 21. Rxd1
Nxf5 22. Bf2 Bf6 23. Kf1 Re6 24. f4 Nd6 25. Nd2) 19. Bf2 Rf8 20. Kg2 fxg3 {
After such a move it is clear that Black's plan failed.} ({Or} 20... Rd3 21.
Nc4 Rfd8 22. Rxd3 Rxd3 23. h4 h5 24. Nxe5 Nxe5 25. gxf4 Nxf3 26. Ra5 Nd2 27.
Re5) 21. hxg3 Rd3 22. Kf1 $1 h5 23. Ke2 Rd7 24. Nc4 Bf6 ({Maybe it was
necessary to risk} 24... Rdf7 25. f4 Bxf4 26. gxf4 Nxf4+ 27. Kd2 Re8) 25. Rxd7
Kxd7 26. f4 {From now on it is clear that White has won the fight on the
kingside and her pawns will continue to put pressure on the black pieces.} h4
27. f5 $1 hxg3 28. Bxg3 Ne7 29. Rg1 {White is ready to attack the weakness on
g7.} c5 30. Bf4 ({Even better was} 30. Kf3) 30... b5 31. Ne3 Nc6 32. Nd5 Re8 ({
A very bad endgame would appear after} 32... Ne5 33. Nxf6+ gxf6 34. Bxe5 fxe5
35. Rg7+ Kc6 36. Rg6+ Kb7 37. Re6) 33. Ke3 b4 34. Kd3 (34. Nxc7 {was very good:
} Rh8 35. Nxa6 bxc3 36. Nxc5+ Ke7 37. bxc3 Bxc3 38. Rg6) 34... bxc3 35. bxc3
Ne5+ 36. Bxe5 Bxe5 37. Rg6 $1 {All Black's weaknesses are now maximally
exposed.} c6 38. Nb6+ Kc7 39. Na4 {The power of the knight is its ability to
attack different targets. Another way of attack was possible:} (39. Nc4 Bf6 40.
Rg1 Rd8+ 41. Kc2 Re8 42. e5 Bxe5 43. Re1) 39... Rh8 40. Kc4 Bf6 {In this rook
endgame White's pawns are much more dangerous.} (40... Rh3 41. Kxc5 Bxc3 42.
Nxc3 Rxc3+ 43. Kd4 Rxb3 44. Rxg7+ Kd8 45. f6 $18) 41. Rg3 $1 {A very fine move,
eliminating the activiation of Black's rook. Now White has a decisive
advantage.} Kd6 42. Nxc5 a5 ({Or} 42... Ke5 43. Re3 Kf4 44. Re1 Rh4 45. b4 Kf3
46. Kd3) 43. Rd3+ Ke5 44. Rd4 $1 Kf4 45. Nd3+ Kg5 46. Rd6 $18 Re8 47. Nc5 Rc8
48. Ne6+ Kh4 ({No difference, Black is losing after} 48... Kg4 49. Nxg7 Bxg7
50. Rg6+ Kf4 51. Rxg7 Kxe4 52. f6 Ke5 53. f7 Rf8 54. Kc5) 49. Nd4 Kg4 50. Rxc6
Ra8 51. Ne6 Ra7 52. Rc7 Ra8 53. Kd5 Rb8 54. e5 Bh4 55. Nd4 {Yes, a game in
Karpov's or Carlsen's style!} 1-0

[Event "Dilijan FIDE GP (Women)"]
[Site "Dilijan"]
[Date "2013.06.19"]
[Round "4"]
[White "Cmilyte, Viktorija"]
[Black "Muzychuk, Anna"]
[Result "0-1"]
[WhiteElo "2511"]
[BlackElo "2593"]
[Annotator "CB"]
[PlyCount "136"]
[EventDate "2013.06.16"]
[EventType "tourn"]
[EventRounds "11"]
[EventCountry "ARM"]
[EventCategory "11"]
[SourceTitle "CBM 155"]
[Source "ChessBase"]
[SourceDate "2013.07.16"]
[SourceVersion "1"]
[SourceVersionDate "2013.07.16"]
[SourceQuality "1"]

{The last game to end. It was a very tactical and complicated game, but always
with chances for both players. In the endgame that was very close to a draw
Cmilyte made a mistake.} 1. d4 d5 2. c4 c6 3. Nf3 Nf6 4. e3 Bg4 5. Qb3 Qb6 6.
Nc3 e6 7. Nh4 Bh5 8. h3 g5 9. Nf3 h6 10. Bd3 Nbd7 11. g4 Qxb3 12. axb3 Bg6 13.
Bxg6 fxg6 14. Bd2 Bg7 15. Ke2 O-O 16. Rag1 Ne4 17. Be1 e5 18. cxd5 Nxc3+ 19.
Bxc3 e4 20. Ne5 Nxe5 21. dxe5 cxd5 22. Rd1 Rad8 23. Rd2 Rf3 24. Ra1 Rdf8 25.
Ke1 Rxh3 26. Rxa7 Rh1+ 27. Ke2 h5 28. Rxb7 hxg4 29. Rxd5 Rh2 30. Rdd7 Rhxf2+
31. Kd1 Rf1+ 32. Kc2 R8f2+ 33. Bd2 Bxe5 34. Re7 g3 35. Re8+ Rf8 36. Rxe5 g2 37.
Rxg5 g1=Q 38. Rxg1 Rxg1 39. b4 Rg2 40. Rd7 g5 41. Kb3 Rgf2 42. Bc3 R2f7 43. Rd4
Kh7 44. Rxe4 Rg8 45. b5 Rb7 46. Rb4 $2 (46. Ka4 g4 47. Be1 Rg5 48. Bh4 {
was a draw.}) 46... g4 47. Be5 Rg5 48. Bf4 Rgxb5 49. Rxb5 Rxb5+ 50. Kc3 Kg6 51.
b4 Rf5 52. Kd4 Kf6 53. Ke4 Ke6 54. Bc7 Rf7 55. Bg3 Rf3 56. Bb8 Kd7 57. b5 Kc8
58. Be5 Kb7 59. Bd4 Rf7 60. Ke5 g3 61. e4 g2 62. Ke6 Rf4 63. Ke5 Rf1 64. Ke6
g1=Q 65. Bxg1 Rxg1 66. e5 Kc7 67. Ke7 Rb1 68. b6+ Rxb6 0-1

[Event "Dilijan FIDE GP (Women)"]
[Site "Dilijan"]
[Date "2013.06.23"]
[Round "7"]
[White "Muzychuk, Anna"]
[Black "Dzagnidze, Nana"]
[Result "1-0"]
[WhiteElo "2593"]
[BlackElo "2550"]
[Annotator "Mikhalchishin,A"]
[PlyCount "77"]
[EventDate "2013.06.16"]
[EventType "tourn"]
[EventRounds "11"]
[EventCountry "ARM"]
[EventCategory "11"]
[SourceTitle "CBM 155"]
[Source "ChessBase"]
[SourceDate "2013.07.16"]
[SourceVersion "1"]
[SourceVersionDate "2013.07.16"]
[SourceQuality "1"]

1. e4 c5 2. Nf3 e6 3. d4 cxd4 4. Nxd4 Nc6 5. Nc3 Qc7 6. Be3 Nf6 7. f4 Bb4 8.
Ndb5 Qa5 9. e5 Ne4 10. Qd3 Nxc3 11. bxc3 Be7 12. Be2 O-O 13. O-O f6 (13... b6
14. Bf3 Bb7 15. a4 Rad8 16. Be4 $16) 14. exf6 Bxf6 15. Rab1 d5 16. Bg4 $1 {
This is a powerful improvent over the game between two top specialists:} (16.
c4 Rd8 17. c5 b6 18. cxb6 {1/2 Motylev,A (2690)-Rublevsky,S (2681)/Poikovsky
2011}) 16... Bd7 ({Maybe it was better to retreat the queen:} 16... Qd8) 17. c4
$1 {Now Black's pawn structure starts to have problems.} Ne7 18. Nd4 $6 ({
It was possible to play} 18. Bf2 {with the idea of attacking the e6-pawn later.
}) 18... Qa6 $6 ({It was possible to get counterplay after} 18... dxc4 19. Qxc4
Nd5 20. Bf2 Rac8) 19. c5 $1 {White is ready to play this kind of endgame with
strong pressure on e- and b-files.} Bxd4 20. Bxd4 Qxd3 ({Black would also have
huge problems after avoiding the exchange of queens:} 20... Qc6 21. Qc3 Rf7 22.
Qb3) 21. cxd3 Nc6 22. Rxb7 Nxd4 23. Rxd7 Rf7 24. Rd6 ({A very good move was} 
24. Rxf7 Kxf7 25. Rb1) 24... Rc8 25. c6 Kf8 26. Bxe6 $1 {This development had
to be calculated very well!} Ke7 27. Rd7+ $1 Kxe6 28. Re1+ Kf6 29. Rd6+ Kf5 30.
Rxd5+ Kg4 31. h3+ Kh4 32. Rxd4 Rxc6 33. Re5 {Now the black king is in a mating
net.} Rc2 34. a4 Rb7 35. Rg5 g6 36. Rdd5 h5 37. Rxg6 Rb1+ 38. Kh2 a5 39. Rh6 $1
({The last stalemate trick is avoided:} 39. Rgg5 $4 Rh1+ 40. Kxh1 Rc1+ 41. Kh2
Rh1+) 1-0

[Event "Khanty-Mansiysk FIDE GP (Women)"]
[Site "Khanty-Mansiysk"]
[Date "2014.04.16"]
[Round "7"]
[White "Muzychuk, Anna"]
[Black "Zhao, Xue"]
[Result "1-0"]
[WhiteElo "2560"]
[BlackElo "2552"]
[Annotator "ChessBase Website"]
[PlyCount "69"]
[EventDate "2014.04.09"]
[EventType "tourn"]
[EventRounds "11"]
[EventCountry "RUS"]
[EventCategory "10"]
[SourceTitle "CBM 160"]
[Source "ChessBase"]
[SourceDate "2014.05.15"]
[SourceVersion "1"]
[SourceVersionDate "2014.05.15"]
[SourceQuality "1"]
[TimeControl "40/5400+30:1800+30"]
[WhiteClock "1:30:00"]
[BlackClock "1:30:00"]

1. e4 {[%emt 0:00:00]} e5 {[%emt 0:00:00]} 2. Nf3 {[%emt 0:00:00]} Nc6 {
[%emt 0:00:00]} 3. Bc4 {[%emt 0:00:00]} Bc5 {[%emt 0:00:05]} 4. O-O {[%emt 0:
00:00]} Nf6 {[%emt 0:00:26]} 5. d3 {[%emt 0:00:14]} O-O {[%emt 0:03:36]} 6.
Nbd2 {[%emt 0:00:46]} (6. h3 d6 7. c3 a6 8. Bb3 h6 9. Be3 Bxe3 10. fxe3 Na5 11.
Bc2 c5 12. Nbd2 b5 13. Qe1 Rb8 14. Qg3 Nh5 15. Qf2 Nf6 16. Qg3 Nh5 17. Qh2 Qe7
18. Rf2 Bd7 19. g4 Nf6 20. Raf1 Nh7 21. Qg3 g6 22. Nh4 c4 23. d4 b4 24. Ndf3 b3
25. axb3 cxb3 26. Bd3 Bb5 27. Bxb5 axb5 28. dxe5 Nc4 29. exd6 Nxd6 30. Qe5 Qxe5
31. Nxe5 Ng5 32. Rh2 Rb7 33. Nc6 Nc4 34. Nd4 b4 35. Rc1 Ra8 {Harikrishna,P 
(2706)-Giri,A (2734) Wijk aan Zee 2014 0-1 (71)}) 6... a6 {[%emt 0:01:08]} 7.
c3 {[%emt 0:00:52]} Ba7 {[%emt 0:01:44]} 8. h3 {[%emt 0:02:53]} d5 {[%emt 0:10:
28]} 9. exd5 {[%emt 0:02:36]} Nxd5 {[%emt 0:00:04]} 10. Ne4 {[%emt 0:05:14]}
Bf5 {[%emt 0:11:26]} 11. Re1 {[%emt 0:05:56]} b5 $146 {[%emt 0:10:40]} (11...
Re8 12. Bg5 Qd7 13. Qd2 Be6 14. Rad1 f6 15. Bh4 Rad8 16. Qc1 Rf8 17. d4 exd4
18. cxd4 Bf7 19. Bg3 Qc8 20. Bxa6 Ndb4 21. Bc4 Nxd4 22. Nxd4 Bxd4 23. Bd6 cxd6
24. Bxf7+ Rxf7 25. Rxd4 Nc2 26. Nxd6 Qc6 27. Rc4 Qxd6 28. Rxc2 h6 29. Rce2 Rc7
30. Qb1 Qd5 31. Qg6 Rf8 32. Re8 Rcf7 33. a4 Qd4 34. Qc2 Qd7 35. R8e3 Kh8 36. b4
Qd6 37. b5 Rc7 38. Qg6 Qb4 39. Re8 Rc8 40. R8e7 Rg8 41. Qe4 {Rodriguez Vila,A 
(2504)-Roselli Mailhe,B (2428) Mar del Plata 2001 1/2-1/2 (62)}) 12. Bb3 {
[%emt 0:01:29]} Bg6 {[%emt 0:01:06]} 13. Bg5 {[%emt 0:09:26]} f6 {[%emt 0:04:
45]} 14. Be3 {[%emt 0:16:42]} Kh8 {[%emt 0:05:10]} 15. Bxa7 {[%emt 0:00:57]}
Rxa7 {[%emt 0:00:36]} 16. d4 $14 {[%emt 0:02:54][%csl Ra7] Zhao Xue certainly
did not equalize from the opening, and once Muzychuk broke the center open
with d4 it was clear that too many of the Chinese player's pieces were
misplaced. the game.} Nf4 {[%emt 0:00:38]} 17. dxe5 {[%emt 0:10:07]} Nd3 {
[%emt 0:01:02]} 18. exf6 {[%emt 0:05:38] An obvious and simple exchange
sacrifice, which on top of that gave the Slovenian player two pawns, ripped
apart Black's king shelter and from then on it was easy for Muzycuhk to win}
Nxe1 {[%emt 0:01:25]} 19. fxg7+ {[%emt 0:00:29]} Kxg7 {[%emt 0:00:05]} 20. Qxe1
{[%emt 0:01:13]} Qe7 {[%emt 0:17:58]} 21. Nfg5 {[%emt 0:04:38]} Rf5 $2 {
[%emt 0:01:35]} 22. f4 {[%emt 0:10:25]} Kh8 {[%emt 0:08:52]} 23. Qh4 {[%emt 0:
06:42]} Rf8 {[%emt 0:06:54]} 24. Re1 {[%emt 0:03:54]} Nd8 {[%emt 0:05:21]} 25.
Qf2 {[%emt 0:05:16]} Ra8 {[%emt 0:00:15]} 26. Nc5 {[%emt 0:01:07]} Qd6 {
[%emt 0:00:30]} 27. g3 {[%emt 0:00:20]} h6 {[%emt 0:01:42]} 28. Nge6 {[%emt 0:
01:55]} Rf6 {[%emt 0:02:12]} 29. Rd1 {[%emt 0:00:21]} Qxd1+ {[%emt 0:00:14]}
30. Bxd1 {[%emt 0:00:05]} Nxe6 {[%emt 0:00:03]} 31. Nxe6 {[%emt 0:00:31]} Re8 {
[%emt 0:00:12]} 32. Nc5 {[%emt 0:01:12]} Rd6 {[%emt 0:00:23]} 33. Bc2 {[%emt 0:
01:12]} Red8 {[%emt 0:01:20]} 34. f5 {[%emt 0:01:00]} Rd2 {[%emt 0:00:11]} 35.
Qf4 {[%emt 0:00:40]} 1-0

[Event "Beijing Sportaccord Basque (Women)"]
[Site "Beijing"]
[Date "2014.12.17"]
[Round "5.8"]
[White "Ju, Wenjun"]
[Black "Muzychuk, Anna"]
[Result "0-1"]
[WhiteElo "2568"]
[BlackElo "2545"]
[PlyCount "72"]
[EventDate "2014.12.16"]
[EventType "swiss"]
[EventRounds "5"]
[EventCountry "CHN"]
[SourceTitle "CBM 163 Extra"]
[Source "ChessBase"]
[SourceDate "2014.12.23"]
[SourceVersion "1"]
[SourceVersionDate "2014.12.23"]
[SourceQuality "1"]

1. Nf3 c5 2. g3 Nc6 3. Bg2 g6 4. d4 cxd4 5. Nxd4 Bg7 6. Nb3 d6 7. c4 Be6 8. Na3
Nf6 9. O-O Qd7 10. Re1 h5 11. h4 Rc8 12. Bf4 Ng4 13. Qd2 Nce5 14. Bd5 Bxd5 15.
cxd5 Nf6 16. Kg2 O-O 17. Rac1 Qa4 18. f3 Nfd7 19. Bg5 Nf6 20. Bf4 Ned7 21. e4
Nb6 22. Bg5 Rxc1 23. Rxc1 Nxe4 24. fxe4 Qxe4+ 25. Kh2 Nxd5 26. Re1 Qf3 27. Bxe7
Be5 28. Rxe5 dxe5 29. Bg5 f6 30. Bh6 Rc8 31. Nb5 Kh7 32. Nd6 Rc6 33. Nxb7 Rc4
34. Bf8 Rc7 35. N7c5 Ne3 36. Kg1 Qf1+ 0-1

[Event "Chengdu FIDE GP (Women)"]
[Site "Chengdu"]
[Date "2016.07.12"]
[Round "9"]
[White "Muzychuk, Anna"]
[Black "Koneru, Humpy"]
[Result "1-0"]
[WhiteElo "2545"]
[BlackElo "2575"]
[PlyCount "175"]
[EventDate "2016.07.02"]
[EventType "tourn"]
[EventRounds "11"]
[EventCountry "CHN"]
[EventCategory "11"]
[SourceTitle "CBM 174"]
[Source "ChessBase"]
[SourceDate "2016.09.13"]
[SourceVersion "1"]
[SourceVersionDate "2016.09.13"]
[SourceQuality "1"]

1. e4 e6 2. d4 d5 3. Nc3 Nf6 4. e5 Nfd7 5. f4 c5 6. Nf3 Nc6 7. Be3 a6 8. Qd2 b5
9. dxc5 Bxc5 10. Bd3 Qb6 11. Bf2 Bb7 12. O-O Bxf2+ 13. Qxf2 Qxf2+ 14. Kxf2 Ke7
15. a3 Rac8 16. Rfe1 Nc5 17. Ne2 Ne4+ 18. Bxe4 dxe4 19. Nfd4 f6 20. Nxc6+ Rxc6
21. Nd4 Rc5 22. exf6+ gxf6 23. c3 f5 24. Ke3 Kf6 25. g3 Rc4 26. Re2 h5 27. Rg1
Rc7 28. Reg2 Bd5 29. Ra1 Rb8 30. Rag1 a5 31. h3 Rh7 32. Rc1 a4 33. Rcg1 Bc4 34.
Nc6 Rg8 35. Ne5 Bd5 36. g4 hxg4 37. hxg4 Rh3+ 38. Rg3 Rgh8 39. Kd4 Rxg3 40.
Rxg3 Rh2 41. gxf5 Kxf5 42. Ke3 Rh1 43. Rg5+ Kf6 44. Ng4+ Kf7 45. Kd4 Rd1+ 46.
Ke5 Bc6 47. f5 exf5 48. Nh6+ Ke8 49. Nxf5 Bd7 50. Nd6+ Kd8 51. Nxe4 Bc6 52. Nd6
Rd5+ 53. Ke6 Rxg5 54. Nf7+ Kc7 55. Nxg5 Bg2 56. Ke5 Kc6 57. Kd4 Bd5 58. Nh3 Bb3
59. Nf4 Bf7 60. Nd3 Kd6 61. Ne5 Be6 62. Nf3 Bd5 63. Nd2 Ba2 64. Ne4+ Kc6 65.
Nc5 Bg8 66. c4 Bf7 67. Nd3 Be6 68. c5 Bb3 69. Ne5+ Kb7 70. Kc3 Bd5 71. Kb4 Bc6
72. Nf7 Ka6 73. Nd8 Bd5 74. Kc3 Ka5 75. Kd4 Bg2 76. Ke5 b4 77. c6 bxa3 78. bxa3
Kb6 79. Kd6 Bf3 80. c7 Bg4 81. Nc6 Kb5 82. Nd4+ Kb6 83. Nc6 Kb5 84. Nd4+ Kb6
85. Ne2 Bh3 86. Nc3 Ka5 87. Kc6 Bc8 88. Ne4 1-0